000 00613nam a2200229 a 4500
001 32901
003 AR-BaAGN
005 20231116150154.0
007 ta
008 220625s2002 xx |||||r|||| ||||||spa d
020 _a950-559-135-7
040 _dAR-BaAGN
_aAR-BaAGN
_bspa
_eaacr
100 1 _aAriza Espinar, Alfredo
245 1 0 _aRelación ciencia y ética
260 _a[Lugar de publicación no identificado] :
_bUniversidad Católica de Cuyo,
_c2002.
300 _a129 páginas
336 _2rdacontent
_btxt
337 _2rdamedia
_bn
338 _2rdacarrier
_bnc
942 _cLIBRO
999 _c32901
_d32901